00731nam a2200241Ia 4500003000900000005001700009008004100026040001300067040001300080041000800093100002400101245005800125250001200183260001400195260000900209300001100218300001000229490003500239490000600274942001200280999001700292952018000309IT-RoPAU20220918175825.0120407s9999 xx 000 0 und d aIT-RoPAU cIT-RoPAU aita aMario Romani935982 aSecolo (un) di vita agricola in Lombardia (1861-1961) aMilano  aGiuffré c1963 a294 p. c25 cm aSocietà Agraria di Lombardia v1 cBK2ddc c31709d31709 00102ddc406630_90000000000000071aPAULUSbPAULUSd2012-04-11l0o630.9r2012-04-11 00:00:00w2012-04-11yBKzInserito da: In data: n.d. fondo: Via A.Severo 56 Progr:32553